Corpora in applied linguistics

Saved in:
Bibliographic Details
Main Author: Hunston, Susan (Author)
Format: Book
Language:English
Published: Cambridge University of Cambridge 2002
Series:The Cambridge Applied Linguistics Series
Subjects:
Tags: Add Tag
No Tags, Be the first to tag this record!

MARC

LEADER 00000nam a2200000 a 4500
001 UCL4581
003 CL-VaPUC
008 040116e20020000uk |||||||||||||||||eng|d
020 |a 0521801710 
082 0 4 |a 410.285  |b HUN  |2 21 
100 |a Hunston, Susan  |e author  |9 551522 
245 1 0 |a Corpora in applied linguistics 
300 |a 241 p 
942 |c BK 
945 |d 20040116 00:00:00  |a cmena 
260 |a Cambridge  |b University of Cambridge  |c 2002 
650 7 |a LINGUISTICA COMPUTACIONAL  |2 CL-VaPUC  |9 482172 
650 0 |a Análisis del discurso  |9 256696 
650 0 |a Lingüística aplicada   |9 313266 
650 0 |a Programación de computadores   |9 259531 
583 |a last modification  |c 20171220 05:56:58  |k Rodrigo Vera 
490 0 |a The Cambridge Applied Linguistics Series 
999 |c 307403  |d 307401 
952 |0 0  |1 0  |4 0  |6 410_285000000000000_HUN_2002  |7 0  |8 A  |9 373346  |a FDOPOS  |b FDOPOS  |d 2019-11-21  |i 3983935  |o 410.285 HUN 2002  |p 3983935  |r 2025-01-22  |w 2019-11-21  |y BK  |k MLA